Normal view
MARC view
- Ibn e Insha
Entry Personal Name
001 - CONTROL NUMBER
- control field: 110333
003 - CONTROL NUMBER IDENTIFIER
- control field: NUST
005 - DATE AND TIME OF LATEST TRANSACTION
- control field: 20230315142913.0
008 - FIXED-LENGTH DATA ELEMENTS
- fixed length control field: 230315|| aca||aabn | a|a d
040 ## - CATALOGING SOURCE
- Original cataloging agency: NUST
- Transcribing agency: NUST
100 ## - HEADING--PERSONAL NAME
- Personal name: Ibn e Insha
670 ## - SOURCE DATA FOUND
- Source citation: Work cat.: (NUST): Ibn e Insha , Ibn e Battuta K Taqub Mein / ابن بطوطہ کے تعاقب میں (Urdu) /, 1974,2011
